000 00806cam a2200217 4500
001 X121263
008 030206n2003 000 0 eng u
035 _a(Sirsi) u121263
245 _aInterest rates reduced
260 _c2003
490 _aBank of England Press Notice
_v 6 February 2003, (1)
520 _aBank of England monetary committee today reduced interest by 0.25% to 3.75%. The prospects for demand both globally and domestically are weaker than anticipated and in order to keep inflation on target over the medium term the committee decided it was necessary to reduce the rates.
590 _aWB
650 _aBANK OF ENGLAND
650 _aINTEREST RATES
650 _aMONETARY POLICY
650 _aINFLATION
650 _aDEPRECIATION
690 _aECONOMIC ISSUES
942 _n0
999 _c72073
_d72073